[Event "ESP-ch U16"]
[Site "Salobrena"]
[Date "2020.08.15"]
[Round "9"]
[White "Perea Fruet, Lorenzo"]
[Black "Galian Garcia, Carlos"]
[Result "1/2-1/2"]
[WhiteElo "1808"]
[BlackElo "1497"]
[PlyCount "64"]
[EventDate "2020.08.10"]
[EventType "swiss"]
[EventRounds "9"]
[EventCountry "ESP"]
[SourceTitle "EXT 2021"]
[Source "ChessBase"]
[SourceDate "2020.10.23"]
[SourceVersion "1"]
[SourceVersionDate "2020.10.23"]
[SourceQuality "1"]

1. e4 g6 2. d4 Bg7 3. Nc3 d6 4. f4 Nf6 5. Bd3 0-0 6. Nf3 Na6 7. 0-0 c5 8. d5 Nc7 9. Bc4 b5 10. Nxb5 Nxb5 11. Bxb5 Nxe4 12. Re1 Nf6 13. Qe2 e6 14. dxe6 Bxe6 15. Be3 Ng4 16. c3 Nxe3 17. Qxe3 Rb8 18. a4 h6 19. Re2 Qb6 20. Nh4 Bg4 21. Rd2 a6 22. Bc4 Rbe8 23. Qd3 Be6 24. f5 Bxc4 25. Qxc4 Qc6 26. Rd5 Kh7 27. Qd3 c4 28. fxg6+ Kg8 29. Qf3 fxg6 30. Rf5 Qxf3 31. Rxf3 Rxf3 32. Nxf3 Rb8 1/2-1/2

[Event "ESP-ch U16"]
[Site "Salobrena"]
[Date "2020.08.12"]
[Round "4"]
[White "Galian Garcia, Carlos"]
[Black "Gomez Navais, Marcal"]
[Result "1-0"]
[WhiteElo "1497"]
[BlackElo "1887"]
[PlyCount "51"]
[EventDate "2020.08.10"]
[EventType "swiss"]
[EventRounds "9"]
[EventCountry "ESP"]
[SourceTitle "EXT 2021"]
[Source "ChessBase"]
[SourceDate "2020.10.23"]
[SourceVersion "1"]
[SourceVersionDate "2020.10.23"]
[SourceQuality "1"]

1. e4 c5 2. Nc3 Nc6 3. g3 g6 4. Bg2 Bg7 5. d3 d6 6. Be3 e5 7. Qd2 Nge7 8. Bh6 0-0 9. h4 f5 10. h5 f4 11. Bxg7 Kxg7 12. hxg6 hxg6 13. Nge2 g5 14. gxf4 exf4 15. 0-0-0 Ng6 16. Bf1 Nge5 17. Nd5 Bg4 18. Bh3 Bxe2 19. Qxe2 Nd4 20. Qf1 g4 21. c3 Ndf3 22. Bxg4 Nxg4 23. Qh3 Nf6 24. Nxf6 Kxf6 25. Qf5+ Ke7 26. Rh7+ 1-0